[Event "Elitzur Int Online"]
[Site "Chess.com INT"]
[Date "2020.11.01"]
[Round "1"]
[White "Berin, Artem"]
[Black "Loboda, Yaroslav"]
[Result "1-0"]
[WhiteElo "1958"]
[BlackElo "1228"]
[PlyCount "69"]
[EventDate "2020.11.01"]
[EventType "swiss (blitz)"]
[EventRounds "11"]
[EventCountry "ISR"]
[SourceTitle "CBM 199 Extra"]
[Source "ChessBase"]
[SourceDate "2021.01.31"]
[SourceVersion "1"]
[SourceVersionDate "2021.01.31"]
[SourceQuality "1"]

1. c4 e5 2. g3 Nc6 3. Bg2 g6 4. Nc3 Bg7 5. Nf3 d6 6. 0-0 Nge7 7. a3 0-0 8. e3 f5 9. d4 exd4 10. exd4 h6 11. h4 g5 12. hxg5 hxg5 13. Bxg5 Qe8 14. Nb5 Qd7 15. Re1 a6 16. Nc3 Ng6 17. Qd3 Qf7 18. Ne2 Be6 19. d5 Nce5 20. Nxe5 Bxe5 21. dxe6 Qxe6 22. Bd5 Rae8 23. Bxe6+ Rxe6 24. Nd4 Ree8 25. Nxf5 Kf7 26. Nh6+ Kg7 27. f4 Bf6 28. Nf5+ Kh7 29. Nh4 Bxg5 30. Qxg6+ Kh8 31. Rxe8 Rxe8 32. Qxe8+ Kh7 33. fxg5 d5 34. Qf7+ Kh8 35. Ng6# 1-0